| 000 | 00810cab a2200265 4500 | ||
|---|---|---|---|
| 001 | ABS44476 | ||
| 008 | 090401t1991 xxu||||| |||| 00| 0 eng d | ||
| 035 | _a(Sirsi) u47358 | ||
| 041 | _aeng | ||
| 100 | _aNix, J.S. | ||
| 245 | _aAgricultural land prices : analysing the figures | ||
| 260 | _c1991 | ||
| 350 | _a0 | ||
| 490 |
_aFarm Management _v7(9) Spring 1991, 435-441 (7) |
||
| 520 | _aProvides statistics on land prices from 1937 to 1990 with commentary. Includes average value of let land compared with vacant possession land, increases in real value and the value of land of different grades. | ||
| 650 | _a1940S | ||
| 650 | _a1950S | ||
| 650 | _a1960S | ||
| 650 | _a1970S | ||
| 650 | _a1980S | ||
| 650 | _aFARMLAND | ||
| 690 | _aRURAL PRACTICE | ||
| 942 | _n0 | ||
| 948 | _c04/03/1997 | ||
| 999 |
_c29869 _d29869 |
||